Inside the Actors Studio Questionnaire Quiz Stats

 Plays Quiz not verified by Sporcle

Support Sporcle.
Go Orange.
Score 0/10 Timer 05:00
0 Plays Today
Answer % Correct
What is your favorite word?
80.7%
What is your least favorite word?
77.2%
What is your favorite curse word?
73.7%
What turns you on?
57.9%
What turns you off?
56.1%
What sound or noise do you love?
49.1%
What sound or noise do you hate?
49.1%
If Heaven exists, what would you like to hear God say when you arrive at the Pearly Gates?
38.6%
What profession other than your own would you like to attempt?
36.8%
What profession would you not like to do?
19.3%

You're not logged in!

Compare scores with friends on all Sporcle quizzes.
OR
Log In

From the Vault

Remove Ads.
Support Sporcle.
Get the best of Sporcle when you Go Orange. This ad-free experience offers more features, more stats, and more fun while also helping to support Sporcle. Thank you for becoming a member.

Show Comments

Extras

Top Quizzes Today


Score Distribution

Your Account Isn't Verified!

In order to create a playlist on Sporcle, you need to verify the email address you used during registration. Go to your Sporcle Settings to finish the process.

Report this User

Report this user for behavior that violates our Community Guidelines.

Details: